[Event "Manizales Feria op 29th"]
[Site "Manizales"]
[Date "2024.01.06"]
[Round "3"]
[White "Riscanevo Perez, Jose Reyes"]
[Black "Canon Valencia, David"]
[Result "1-0"]
[WhiteElo "1600"]
[BlackElo "1500"]
[PlyCount "89"]
[EventDate "2024.01.05"]
[EventType "swiss"]
[EventRounds "7"]
[EventCountry "COL"]
[SourceTitle "CB02_2024"]
[SourceDate "2024.01.10"]
[SourceVersion "1"]
[SourceVersionDate "2024.01.10"]
[SourceQuality "1"]

1. e4 e5 2. Nf3 Nc6 3. Bb5 a6 4. Bxc6 dxc6 5. Nc3 Bb4 6. d3 Bxc3+ 7. bxc3 Nf6 8. Nxe5 0-0 9. Bg5 h6 10. Bxf6 Qxf6 11. Nf3 Qxc3+ 12. Nd2 Be6 13. 0-0 Rad8 14. Nb3 b5 15. Qd2 Qe5 16. Na5 c5 17. Nc6 Qd6 18. Nxd8 Rxd8 19. a4 c4 20. axb5 axb5 21. Ra5 Rb8 22. Qe3 c3 23. Qa7 Rb6 24. Qa8+ Kh7 25. Qe8 Qb4 26. Rfa1 Qb2 27. R5a2 Bxa2 28. Rf1 Qxc2 29. h3 Qxd3 30. Qe7 Bc4 31. Rc1 b4 32. Qe8 Rb7 33. Qc8 Rb6 34. Qf5+ g6 35. Qg4 Qd2 36. Rd1 Qb2 37. Rd7 h5 38. Qf3 c2 39. e5 Qa1+ 40. Kh2 Qxe5+ 41. g3 Rf6 42. Qa8 c1Q 43. Rd8 Qee1 44. Rh8+ Kg7 45. Qg8# 1-0